Statistics for U.S. State Flags

Click here to take the quiz!

General Stats

  • This quiz has been taken 111,984 times
  • The average score is 18 of 50

Answer Stats

Answer% Correct
Texas
96%
California
91%
New Mexico
76%
Colorado
72%
Alaska
71%
Maryland
66%
Washington
65%
Arizona
61%
Hawaii
59%
South Carolina
57%
Alabama
54%
Ohio
50%
Wyoming
48%
Florida
46%
South Dakota
45%
Mississippi
40%
Oklahoma
39%
Tennessee
37%
Arkansas
36%
Louisiana
36%
New York
32%
Delaware
31%
Rhode Island
31%
Indiana
29%
Georgia
28%
Oregon
28%
Michigan
25%
North Carolina
25%
Iowa
23%
Kentucky
23%
Illinois
20%
Massachusetts
20%
Nevada
20%
Virginia
20%
Kansas
19%
Missouri
19%
New Jersey
19%
Pennsylvania
18%
Utah
18%
Maine
17%
Montana
17%
Nebraska
17%
Minnesota
16%
Connecticut
15%
New Hampshire
15%
Vermont
15%
West Virginia
15%
Wisconsin
13%
Idaho
12%
North Dakota
11%

Score Distribution

Percentile by Number Answered

Percent of People with Each Score

Your Score History

You have not taken this quiz